| 000 | 01185cam a22003015a 4500 | ||
|---|---|---|---|
| 001 | 016077031 | ||
| 003 | OSt | ||
| 005 | 20160721110746.0 | ||
| 008 | 120423s2013 enka frbd 001 0 eng d | ||
| 020 | _a9781408266564 (pbk.) | ||
| 020 | _a1408266563 (pbk.) | ||
| 040 |
_aStDuBDS _beng _cStDuBDS _dUk _dEG-ScBUE |
||
| 082 | 0 | 4 |
_a344.046 _222 _bSNE |
| 100 | 1 |
_aSneddon, Simon. _940371 |
|
| 245 | 1 | 0 |
_aEnvironmental law / _cSimon Sneddon. |
| 260 |
_aHarlow : _bPearson, _c2013. |
||
| 300 |
_axxii, 183 p. : _bill. ; _c21 cm. |
||
| 490 | 0 | _aLaw express. | |
| 500 | _aGlossary : p. 175-178. | ||
| 500 | _aIndex : p. 179-183. | ||
| 504 | _aIncludes bibliographical references. | ||
| 505 | 0 | _aIntroduction to environmental law -- Definitions of environmental law -- Sources and concepts of environmental law -- Enforcement of environmental law -- Planning law -- Environmental permitting -- Air pollution -- Water pollution -- Waste management and contaminated land -- Nature conservation and landscape management. | |
| 650 | 7 |
_aEnvironmental law. _2BUEsh _940372 |
|
| 650 | 7 |
_aEnvironmental protection. _2BUEsh _96715 |
|
| 651 | _2BUEsh | ||
| 653 |
_bLLAAWW _cJuly2016 |
||
| 942 | _2ddc | ||
| 999 |
_c21993 _d21965 |
||